000 01213nab a22002297a 4500
999 _c6068
_d6068
003 OSt
005 20260121004937.0
008 190514b xxu||||| |||| 00| 0 spa d
040 _cPJ
100 _96844
_aLoiza, Fabián M.
245 1 0 _aDispensa de la prescripción liberatoria y cuantificación del daño. Dos aspectos destacados en la búsqueda de reparar la violencia sufrida por una niña /
_cFabián M. Loiza.
300 _ap. 126-133
500 _aCita: TR LALEY AR/DOC/988/2024.
505 _aSumario: I. Síntesis del fallo.— II. El primer aspecto destacado: la prescripción liberatoria.— III. El segundo aspecto destacado: la cuantificación del daño.— IV. Algunas conclusiones posibles.
505 _tFallo comentado: JCiv., Com. y Minería Nro. 1, Viedma ~ 20/12/2023 ~ A-1VI-993-C2021 s/ daños y perjuicios Expte. Nº VI-30658-C-0000.
650 0 _9967
_aDERECHO DE FAMILIA
650 0 _93092
_aPRESCRIPCIÓN
650 0 _91134
_aVIOLENCIA FAMILIAR
650 0 _91057
_aJURISPRUDENCIA APLICABLE
773 0 _02844
_93222
_dBuenos Aires : AbeledoPerrot, 1989-
_tDerecho de familia. Revista Interdisciplinaria de doctrina y jurisprudencia. Junio 2024-III.
_z18511201
942 _2udc
_cANA